000 00485ntaaa2200169 4500
003 01
005 20251027201253.0
008 0714s1973 ag 01
040 _aAR-BaBN
_bspa
_cAR-BaBN
_eaacr
_dRIC
082 _a220.9500 P19p
245 _aPanorama bíblico - Michoacan (prov.)
250 _a1 ed. :
_bInstituto Agustiniano Filosófico-Teológico,
_cc1987
300 _ahoja desplegable: mapas ;
_c22 cm.
500 _acronología bíblica
650 _aBiblia-Cronología
942 _cBK
999 _c7097
_d7097